Statistiques concernant Rainbow Six Siege Maps FR/ENG

Cliquez ici pour prendre le quiz!

Statistiques générales

  • Ce quiz a été pris 700 fois
  • Le résultat moyen est 13 sur 27

Statistiques - réponses

Answer / Réponses% Correct
Maison / House
86%
Oregon
81%
Frontière / Border
78%
Littoral / Coastline
75%
Consulat / Consulate
68%
Banque / Bank
67%
Chalet
66%
Clubhouse
65%
Villa
63%
Avion / Presidential Plane
62%
Favela
62%
Gratte-Ciel / Skyscraper
58%
Canal / Kanal
53%
Tour / Tower
53%
Outback
50%
Yacht
49%
Parc d'attractions / Theme Park
48%
Stade Bravo / Bravo Stadium
38%
Base d'Hereford / Hereford Base
37%
Café Dostoyevsky / Kafe Dostoyevsky
37%
Plaines d'émeraude / Emerald Plains
33%
Forteresse / Fortress
30%
Labo de Nighthaven / Nighthaven Labs
28%
Université Bartlett
13%
Huis Clos / Close Quarter
8%
Neighborhood
2%
Fort Truth
1%

Distribution des résultats

Percentile par nombre de réponses

% des personnes avec chaque résultat

Votre développement - résultats

Vous n’avez pas pris ce quiz